<?xml version="1.0" encoding="UTF-8"?><?xml-stylesheet type="text/xsl" href="static/style.xsl"?><OAI-PMH xmlns="http://www.openarchives.org/OAI/2.0/" xmlns:xsi="http://www.w3.org/2001/XMLSchema-instance" xsi:schemaLocation="http://www.openarchives.org/OAI/2.0/ http://www.openarchives.org/OAI/2.0/OAI-PMH.xsd"><responseDate>2026-06-05T13:21:01Z</responseDate><request verb="GetRecord" identifier="oai:riuma.uma.es:10630/16874" metadataPrefix="marc">https://riuma.uma.es/rest/oai/request</request><GetRecord><record><header><identifier>oai:riuma.uma.es:10630/16874</identifier><datestamp>2026-02-03T12:29:21Z</datestamp><setSpec>com_10630_2254</setSpec><setSpec>col_10630_37959</setSpec></header><metadata><record xmlns="http://www.loc.gov/MARC21/slim" xmlns:dcterms="http://purl.org/dc/terms/" xmlns:doc="http://www.lyncode.com/xoai" xmlns:xsi="http://www.w3.org/2001/XMLSchema-instance" xsi:schemaLocation="http://www.loc.gov/MARC21/slim http://www.loc.gov/standards/marcxml/schema/MARC21slim.xsd">
   <leader>00925njm 22002777a 4500</leader>
   <datafield ind2=" " ind1=" " tag="042">
      <subfield code="a">dc</subfield>
   </datafield>
   <datafield ind2=" " ind1=" " tag="720">
      <subfield code="a">Mayorga-Chamorro, José Ignacio</subfield>
      <subfield code="e">author</subfield>
   </datafield>
   <datafield ind2=" " ind1=" " tag="260">
      <subfield code="c">2018-11-15</subfield>
   </datafield>
   <datafield ind2=" " ind1=" " tag="520">
      <subfield code="a">Pedro López Calderón fue un maestro pintor asentado en la Ciudad de México durante las primeras décadas del siglo XVIII. El grueso de su producción -fundamentalmente lienzos de tipo religioso- se distribuyó por templos de la capital virreinal y otras ciudades del septentrión novohispano. Muchas obras han mantenido su emplazamiento original hasta la fecha y otras han sido trasladadas a museos, permaneciendo no obstante y por regla general poco atendidas o sumidas en el olvido. Influye en ello la escasa atención y baja consideración que la tradición historiográfica del arte novohispano ha mantenido hacia este pintor, del que se conocían pocos trabajos y de poca calidad, así como escasos datos de su vida. No obstante, recientes investigaciones empezaron a sacar a la luz, con carácter puntual, alguna obra de mayor mérito artístico que nos han desvelado a un creador particularmente hábil para la formulación de soluciones iconográficas originales y complejas. Estas prometedoras aportaciones, sumadas a algún hallazgo casual de relevancia, respaldaron el inicio de la investigación doctoral que enmarca el presente&#xd;
estudio.</subfield>
   </datafield>
   <datafield ind1="8" ind2=" " tag="024">
      <subfield code="a">https://hdl.handle.net/10630/16874</subfield>
   </datafield>
   <datafield tag="653" ind2=" " ind1=" ">
      <subfield code="a">Pedro López Calderón - Crítica e interpretación</subfield>
   </datafield>
   <datafield ind2="0" ind1="0" tag="245">
      <subfield code="a">Catalogando la obra del pintor novohispano Pedro López Calderón. Nuevas aportaciones, reflexiones y conclusiones</subfield>
   </datafield>
</record>
</metadata></record></GetRecord></OAI-PMH>